Normal view
MARC view
- FLOW MEASUREMENT
Entry Topical Term
001 - CONTROL NUMBER
- control field: 79586
003 - CONTROL NUMBER IDENTIFIER
- control field: NUST
005 - DATE AND TIME OF LATEST TRANSACTION
- control field: 20210628210503.0
008 - FIXED-LENGTH DATA ELEMENTS
- fixed length control field: 210628|| aca||aabn | a|a d
040 ## - CATALOGING SOURCE
- Original cataloging agency: NUST
- Transcribing agency: NUST
150 ## - HEADING--TOPICAL TERM
- Topical term or geographic name entry element: FLOW MEASUREMENT
670 ## - SOURCE DATA FOUND
- Source citation: Work cat.: (NUST): Durrani, Tariq.S Greated, Clive.A 79585, Laser systems in flow measurement, 1977
